| 000 | 00395nam a2200157Ia 4500 | ||
|---|---|---|---|
| 008 | 230917s9999||||xx |||||||||||||| ||und|| | ||
| 020 | _cRS300 | ||
| 040 |
_e33887 _aMAIN |
||
| 041 | _aEnglish | ||
| 082 | _a823.09 M426N | ||
| 100 | _aMathur, O P | ||
| 245 | 0 | _aNew critical approaches to Indian English fiction | |
| 260 |
_aNew Delhi _bSarup & Sons _c2001 |
||
| 300 | _a146 p. | ||
| 942 | _cBK | ||
| 999 |
_c108867 _d108867 |
||